000 00854cam a22002777a 4500
003 CHAP
005 20220817042157.0
008 971013s1967 r 00010 d
010 _a36880
011 _a37852
035 _a41972
040 _cCHAP
090 _aFolleto 4106
100 0 0 _aPapadakis, John.
_985310
245 1 4 _aThe food problem of India, and the related problems of industrial development, investment and inflation
260 _aBuenos Aires :
_bEl autor,
_c1967
300 _a79 p.
590 _aBATCH-UPD
_b10
_c20130110
_lUCH01
_h0204
590 _aBATCH-UPD
_b10
_c20130110
_lUCH01
_h1747
590 _aCONVERSION
_b10
_c20130109
_lUCH01
_h1321
650 1 4 _aAgricultura
_xIndia.
650 1 4 _aAlimentos
_xAbastecimiento
_xIndia.
_94130
901 _aBK
942 _cFOLL
949 _aFolleto 4106
_bBC
_cFOLL
_d-96456
_eTS1
_i41972
_si
999 _c36880
_d36880